Etude de quelques potentialités agro-forestières de plusieurs provenances de leucaena leucocephala (lam de wit) et d'acacia auriculiformis (a. Cunn. et benth) dans le Sud -Benin (Record no. 29928)
[ view plain ]
| 000 -LEADER | |
|---|---|
| fixed length control field | 00729 a2200217 4500 |
| 041 ## - CODE DE LANGUE | |
| Language code of summary or abstract/overprinted title or subtitle | Fr |
| 041 ## - CODE DE LANGUE | |
| Language code of summary or abstract/overprinted title or subtitle | En |
| 100 ## - VEDETTE PRINCIPALE - NOM DE PERSONNE | |
| Personal name | Avakoudjo, Julien |
| 130 ## - VEDETTE PRINCIPALE - TITRE UNIFORME | |
| Language of a work | Fr |
| 245 ## - TITLE STATEMENT | |
| Title | Etude de quelques potentialités agro-forestières de plusieurs provenances de leucaena leucocephala (lam de wit) et d'acacia auriculiformis (a. Cunn. et benth) dans le Sud -Benin |
| 502 ## - DISSERTATION NOTE | |
| Dissertation note | Thèse d'exercice |
| 653 1# - INDEX TERM--UNCONTROLLED | |
| Uncontrolled term | Sciences agronomiques |
| 650 ## - SUBJECT ADDED ENTRY--TOPICAL TERM | |
| Topical term or geographic name as entry element | AGROFORESTERIE |
| 650 ## - SUBJECT ADDED ENTRY--TOPICAL TERM | |
| Topical term or geographic name as entry element | LEUCOCEPHALA |
| 650 ## - SUBJECT ADDED ENTRY--TOPICAL TERM | |
| Topical term or geographic name as entry element | ACACIA AURICULIFORMIS |
| 653 #1 - INDEX TERM--UNCONTROLLED | |
| Uncontrolled term | Production végétale |
| 651 ## - SUBJECT ADDED ENTRY--GEOGRAPHIC NAME | |
| Geographic name | AFRIQUE OCCIDENTALE |
| 651 ## - SUBJECT ADDED ENTRY--GEOGRAPHIC NAME | |
| Geographic name | BENIN |
| 710 ## - ADDED ENTRY--CORPORATE NAME | |
| Corporate name or jurisdiction name as entry element | Abomey-Calavi, Université nationale du Bénin, Faculté des Sciences Agronomiques, BJ |
| Withdrawn status | Lost status | Damaged status | Not for loan | Location (home branch) | Sublocation or collection (holding branch) | Date acquired | Koha issues (times borrowed) | Koha full call number | Koha date last seen | Copy number | Price effective from | Koha item type | Public note |
|---|---|---|---|---|---|---|---|---|---|---|---|---|---|
| Bibliothèque-Centre de Documentation de la Faculté des Sciences Agronomiques | Bibliothèque-Centre de Documentation de la Faculté des Sciences Agronomiques | BU T.P 004 1990 | 28/02/2009 | 1 | 28/02/2009 | Livre | A.8679 |